[Event "GER theme 25-B06-P email"]
[Site "GER email"]
[Date "2008.01.10"]
[Round "?"]
[White "Schwertel, Gottfried"]
[Black "Fredl, Franz Josef"]
[Result "1-0"]
[WhiteElo "2098"]
[BlackElo "1554"]
[PlyCount "43"]
[EventDate "2008.??.??"]
[EventType "tourn (corr)"]
[EventRounds "8"]
[EventCountry "GER"]
[SourceTitle "Corr 2011"]
[Source "ChessBase"]
[SourceDate "2010.08.31"]
[SourceVersion "1"]
[SourceVersionDate "2010.08.31"]
[SourceQuality "1"]

1. e4 g6 2. d4 Bg7 3. Nc3 c6 4. Nf3 d5 5. h3 dxe4 6. Nxe4 Bf5 7. Ng3 Nf6 8. Nxf5 gxf5 9. Bd3 e6 10. Qe2 c5 11. dxc5 Qa5+ 12. c3 Qxc5 13. Be3 Qc7 14. Bb5+ Nbd7 15. Bd4 0-0-0 16. 0-0-0 Bh6+ 17. Kb1 Bf4 18. Bxd7+ Rxd7 19. Bxf6 Rxd1+ 20. Rxd1 Re8 21. Rd4 Bd6 22. Qb5 1-0

[Event "GER S4 G4 enginefrei email"]
[Site "GER email"]
[Date "2008.??.??"]
[Round "?"]
[White "Bernardt, Rainer Georg"]
[Black "Fredl, Franz Josef"]
[Result "1-0"]
[WhiteElo "1720"]
[BlackElo "1554"]
[PlyCount "61"]
[EventDate "2008.??.??"]
[EventType "tourn (corr)"]
[EventRounds "6"]
[EventCountry "GER"]
[SourceTitle "Corr 2011"]
[Source "ChessBase"]
[SourceDate "2010.08.31"]
[SourceVersion "1"]
[SourceVersionDate "2010.08.31"]
[SourceQuality "1"]

1. b4 c5 2. b5 d5 3. e3 b6 4. Nf3 Bf5 5. Bb2 f6 6. Nh4 Bg6 7. Nxg6 hxg6 8. Qg4 g5 9. Bd3 Nh6 10. Bg6+ Nf7 11. Qe6 Qd7 12. Bxf7+ Kd8 13. Qxd5 Kc7 14. Qxa8 Qc8 15. Qxa7+ Qb7 16. Qxb7+ Kxb7 17. Be6 Kc7 18. f4 Kd6 19. f5 Rh6 20. Na3 Kc7 21. 0-0-0 Rh4 22. d4 g4 23. dxc5 bxc5 24. Nc4 g3 25. b6+ Kb7 26. hxg3 Rxc4 27. Bxc4 Kxb6 28. Rd8 Nc6 29. Rxf8 Ne5 30. Bxe5 fxe5 31. Kd2 1-0

[Event "GER S4 G4 enginefrei email"]
[Site "GER email"]
[Date "2008.??.??"]
[Round "?"]
[White "Hesse, Olaf"]
[Black "Fredl, Franz Josef"]
[Result "1-0"]
[WhiteElo "1713"]
[BlackElo "1554"]
[PlyCount "45"]
[EventDate "2008.??.??"]
[EventType "tourn (corr)"]
[EventRounds "6"]
[EventCountry "GER"]
[SourceTitle "Corr 2011"]
[Source "ChessBase"]
[SourceDate "2010.08.31"]
[SourceVersion "1"]
[SourceVersionDate "2010.08.31"]
[SourceQuality "1"]

1. e4 e5 2. Nf3 f5 3. Bc4 fxe4 4. Nxe5 Qg5 5. d4 Qxg2 6. Qh5+ g6 7. Bf7+ Kd8 8. Bxg6 Qxh1+ 9. Ke2 c6 10. Nc3 Nf6 11. Qh4 Be7 12. Bg5 Qxa1 13. Bxf6 Bxf6 14. Qxf6+ Kc7 15. Nc4 hxg6 16. Qe5+ Kd8 17. Qxh8+ Kc7 18. Qe5+ Kd8 19. Nd6 Kc7 20. Ndb5+ Kb6 21. Qc5+ Ka5 22. b4+ Ka6 23. Nc7# 1-0

[Event "GER theme 25-B06-P email"]
[Site "GER email"]
[Date "2008.??.??"]
[Round "?"]
[White "Peters, Andreas"]
[Black "Fredl, Franz Josef"]
[Result "1-0"]
[WhiteElo "2017"]
[BlackElo "1554"]
[PlyCount "87"]
[EventDate "2008.??.??"]
[EventType "tourn (corr)"]
[EventRounds "8"]
[EventCountry "GER"]
[SourceTitle "Corr 2011"]
[Source "ChessBase"]
[SourceDate "2010.08.31"]
[SourceVersion "1"]
[SourceVersionDate "2010.08.31"]
[SourceQuality "1"]

1. e4 g6 2. d4 Bg7 3. Nf3 d6 4. Bc4 Nf6 5. Qe2 c6 6. Bb3 0-0 7. Bg5 h6 8. Bh4 e5 9. dxe5 dxe5 10. Nbd2 Qc7 11. 0-0 Rd8 12. Rfd1 Be6 13. Bxe6 fxe6 14. a4 g5 15. Bg3 Nh5 16. Qc4 Nf4 17. Bxf4 exf4 18. Qxe6+ Qf7 19. Qxf7+ Kxf7 20. Nc4 Ke7 21. Rxd8 Kxd8 22. Rd1+ Ke7 23. Nd6 Bxb2 24. Nf5+ Ke8 25. Rb1 Bc3 26. Rxb7 Nd7 27. Rc7 c5 28. Nxh6 Rb8 29. g4 fxg3 30. hxg3 a5 31. Nxg5 Be5 32. Rc6 Bd4 33. Nf5 Nb6 34. Ne6 Nc8 35. Nexd4 cxd4 36. Rxc8+ Rxc8 37. Nd6+ Kd7 38. Nxc8 Kxc8 39. g4 Kd7 40. f4 Ke8 41. g5 Kf7 42. f5 Kg7 43. e5 Kf8 44. Kf2 1-0